| 000 | 00533nam a2200169 i 4500 | ||
|---|---|---|---|
| 001 | 102791 | ||
| 003 | ES-MaACL | ||
| 005 | 20230906183202.0 | ||
| 007 | t| | ||
| 008 | 051205s1955 pr ||||1| spa d | ||
| 080 | _a821.134.2(729.5)-14"19" | ||
| 100 | 1 |
_aSoto Ramos, Julio. _9107526 |
|
| 245 | 1 | 0 |
_aTrapecio _b: cumarisotismo (poemas) / _cJulio Soto Ramos. |
| 260 |
_aSan Juan de Puerto Rico : _bBiblioteca de Autores Puertorriqueños, _c1955. |
||
| 300 |
_a58 p. : _b1 retr. ; _c26 cm. |
||
| 852 |
_aES-MaACL _j2198-F-7 _bR.136923 |
||
| 999 |
_c102791 _d102791 |
||